000 00921cam a2200205 4500
001 WB3835-21
008 020924n2002 000 0 eng u
035 _a(Sirsi) u119829
245 _aBrussels reveals directive on F&M
260 _c2002
490 _aFarmers' Weekly
_v137(12) 20 September 2002, 8(1)
520 _aBrussels announces EU policy on foot and mouth which will concentrate on destroying infected animals and dangerous contacts. An enhanced role is to be given to emergency vacination which should be at the forefront of protection measures. The commission has denied that it is about to give itself the power to impose vaccination on member states in the event of a future outbreak.
590 _aWB
650 _aFOOT-AND-MOUTH DISEASE
650 _aVACCINATIONS
650 _aEUROPEAN COMMISSION
650 _aNATIONAL FARMERS UNION
690 _aRURAL-AGRICULTURE AND FORESTRY
942 _n0
999 _c71211
_d71211